Management of constipation;

Saved in:
Bibliographic Details
Main Author: Jones, Francis Avery, Sir
Other Authors: Godding, Edmund W. (joint author.)
Format: Book
Language:English
Published: Oxford, Blackwell Scientific Publications, 1972.
Subjects:
LEADER 01121nam a2200301 4500
001 c000038113
003 CARM
005 00000000000000.0
008 721011s1972 enka b 00110 eng b
015 |a B72-10847 
019 1 |a 473490  |z 23020689  |5 LACONCORD2021 
020 |a 063206580X 
035 |a (OCoLC)2657018  |5 LACONCORD2021 
050 1 |a RC861  |b .J66 
060 |a WI409 J76m 1972 
100 1 |a Jones, Francis Avery,  |c Sir. 
245 1 0 |a Management of constipation;  |c edited by Sir Francis Avery Jones and Edmund W. Godding. 
260 |a Oxford,  |b Blackwell Scientific Publications,  |c 1972. 
300 |a xi, 197 p.  |b illus.  |c 24 cm. 
500 |a Distributed in the U.S.A. by F. A. Davis Co., Philadelphia. 
504 |a Includes bibliographies. 
650 0 |a Constipation. 
650 2 |a Constipation. 
700 1 |a Godding, Edmund W.,  |e joint author. 
852 8 |b CARM  |h A2:AD22C0  |i C00084  |p 0003906  |f BK 
082 0 4 |a 616.3/42 
999 f f |i 05d81689-3b4c-5e41-b213-ca14ccbd12f4  |s 3725839a-5e73-52da-8ba1-06590dc4def9 
952 f f |p Can circulate  |a CAVAL  |b CAVAL  |c CAVAL  |d CARM 1 Store  |e C00084  |f A2:AD22C0  |h Other scheme  |i book  |m 0003906